<?xml version="1.0" encoding="UTF-8"?>
<record
    xmlns:xsi="http://www.w3.org/2001/XMLSchema-instance"
    xsi:schemaLocation="http://www.loc.gov/MARC21/slim http://www.loc.gov/standards/marcxml/schema/MARC21slim.xsd"
    xmlns="http://www.loc.gov/MARC21/slim">

  <leader>04737nam a2200457Ia 4500</leader>
  <controlfield tag="001">dia_815</controlfield>
  <controlfield tag="003">CHAP</controlfield>
  <controlfield tag="005">20251117184610.0</controlfield>
  <controlfield tag="007">ta</controlfield>
  <controlfield tag="008">220117s1987    xx d   frm    001 0 spa d</controlfield>
  <datafield tag="010" ind1=" " ind2=" ">
    <subfield code="a">171365</subfield>
  </datafield>
  <datafield tag="040" ind1=" " ind2=" ">
    <subfield code="c">CHAP</subfield>
    <subfield code="a">mxchpua</subfield>
    <subfield code="e">rda</subfield>
  </datafield>
  <datafield tag="041" ind1="0" ind2=" ">
    <subfield code="a">spa</subfield>
    <subfield code="b">spa</subfield>
  </datafield>
  <datafield tag="090" ind1=" " ind2=" ">
    <subfield code="a">Tesis</subfield>
    <subfield code="b">M37</subfield>
    <subfield code="c">1987</subfield>
  </datafield>
  <datafield tag="100" ind1="1" ind2=" ">
    <subfield code="a">Mart&#xED;nez Gonz&#xE1;lez, Amauri Germ&#xE1;n</subfield>
  </datafield>
  <datafield tag="245" ind1="1" ind2="0">
    <subfield code="a">Procesamiento del higo (Ficus carica L.) en la zona noreste del estado de Morelos /</subfield>
    <subfield code="c">Amauri Germ&#xE1;n Mart&#xED;nez Gonz&#xE1;lez y Victor Manuel S&#xE1;nchez Bautista</subfield>
  </datafield>
  <datafield tag="264" ind1=" " ind2=" ">
    <subfield code="a">Chapingo, M&#xE9;xico :</subfield>
    <subfield code="b">El autor,</subfield>
    <subfield code="c">1987</subfield>
  </datafield>
  <datafield tag="300" ind1=" " ind2=" ">
    <subfield code="a">ix, 101 hojas :</subfield>
    <subfield code="b">gr&#xE1;ficas, diagramas, tablas</subfield>
  </datafield>
  <datafield tag="336" ind1=" " ind2=" ">
    <subfield code="2">rdacontent</subfield>
    <subfield code="a">texto</subfield>
    <subfield code="b">txt</subfield>
  </datafield>
  <datafield tag="337" ind1=" " ind2=" ">
    <subfield code="2">rdamedia</subfield>
    <subfield code="a">no mediado</subfield>
    <subfield code="b">n</subfield>
  </datafield>
  <datafield tag="338" ind1=" " ind2=" ">
    <subfield code="2">rdacarrier</subfield>
    <subfield code="a">volumen</subfield>
    <subfield code="b">nc</subfield>
  </datafield>
  <datafield tag="502" ind1=" " ind2=" ">
    <subfield code="a">Tesis </subfield>
    <subfield code="b">(Ingeniero Agr&#xF3;nomo Especialista en Industrias Agr&#xED;colas) :</subfield>
    <subfield code="b">(Ingeniero Agroindustrial) --</subfield>
    <subfield code="c">UACh. Departamento de Industrias Agr&#xED;colas :</subfield>
    <subfield code="c">UACh. Departamento de Ingenier&#xED;a Agroindustrial,</subfield>
    <subfield code="d">1987</subfield>
  </datafield>
  <datafield tag="504" ind1=" " ind2=" ">
    <subfield code="a">Bibliograf&#xED;a: hojas 79-81</subfield>
  </datafield>
  <datafield tag="520" ind1=" " ind2=" ">
    <subfield code="a">A partir de una encuesta realizada en el Noreste del Estado de Morelos, se encontr&#xF3; que aproximadamente 2.0 ton/ha de higos no alcanzan la madurez. Debido a que esta fruta no es comestible este trabajo tuvo como objetivo el aprovechamiento del higo inmaduro a trav&#xE9;s de diferentes procesos como la cristalizaci&#xF3;n, confitaci&#xF3;n e higos en alm&#xED;bar. Para el confitado se experimentaron diferentes tiempos de inmersi&#xF3;n, desde 2 d&#xED;as hasta 25 d&#xED;as, la concentraci&#xF3;n de az&#xFA;car vari&#xF3; de 45&#xB0; a 75 &#xB0;Brix la cual se a&#xF1;adi&#xF3; directamente o bien concentrando el jarabe por ebullici&#xF3;n a 93&#xB0;C. Los tiempos de equilibrio entre az&#xFA;car e higo variaron de 1 a 7 d&#xED;as. Con el higo previamente confitado se realiz&#xF3; la cristalizaci&#xF3;n en un deshidratador de charolas a 55&#xB0;C por 48 horas. Por otro lado el higo fue conservado en alm&#xED;bar (45&#xB0; Brix) con un tiempo de esterilizaci&#xF3;n de 25.4 min la curva de penetraci&#xF3;n de calor fue discontinua (fi =11.9 min y f=20.07 min), pero para su cocimiento un tiempo mayor. Se los realiz&#xF3; un an&#xE1;lisis sensorial en forma conjunta de 3 procesos (confitado, cristalizaci&#xF3;n y alm&#xED;bar), y los resultados se interpretaron usando la t&#xE9;cnica de an&#xE1;lisis de correspondencia que indic&#xF3; que el m&#xE9;todo de confitado de dos d&#xED;as y el confitado de 25 d&#xED;as son bien aceptados, especialmente este &#xFA;ltimo. En el caso de higos en alm&#xED;bar no fueron bien aceptados debido a que el jarabe tuvo una concentraci&#xF3;n baja. Otra parte experimental consisti&#xF3; en la deshidrataci&#xF3;n de higos maduros de baja calidad. Se realiz&#xF3; un experimento factorial en donde los factores fueron temperatura con 2 niveles, 60 y 70&#xB0;C; presentaci&#xF3;n con 2 niveles, rebanado y entero, otro factor fue el presecado por inmersi&#xF3;n en un alm&#xED;bar a 65&#xB0;Bx. (Aw). Las variables de respuesta fueron humedad final, % de s&#xF3;lidos solubles totales, SO2 residual y actividad de agua (Aw). Por medio de un an&#xE1;lisis factorial se determinaron los factores de influencia y se us&#xF3; la t&#xE9;cnica de la "diferencia m&#xED;nima significativa" (DMS) para establecer si dicha influencia era significativa. Se realiz&#xF3; un an&#xE1;lisis sensorial con 15 jueces y los resultados se interpretaron a trav&#xE9;s de la t&#xE9;cnica de an&#xE1;lisis de correspondencia encontr&#xE1;ndose que los higos deshidratados enteros y con presecado son los m&#xE1;s aceptados, aunque se tuvieron problemas con hongos, recomend&#xE1;ndose una dosis mayor de 500 ppm de Bisulfito de Sodio, para evitarlos. Los higos desh&#xED;dratados rebanados tienden hacia el rechazo. Mediante un estudio de mercado se determin&#xF3; que la gente con recursos, es la principal consumidora de higos confitados y cristalizados aunque existe una demanda potencial en las clases medias que est&#xE1;n dispuestas a consumir estos productos si el precio de venta disminuye, as&#xED; mismo se encontr&#xF3; que no existe un control de calidad, ni un proceso, ni en el producto terminado. El higo deshidratado no se encuentra en el mercado.&#xA0;</subfield>
  </datafield>
  <datafield tag="650" ind1="1" ind2="3">
    <subfield code="a">Higos</subfield>
    <subfield code="x"> Industria y comercio  </subfield>
    <subfield code="2">atg</subfield>
    <subfield code="z">M&#xE9;xico</subfield>
    <subfield code="z">Morelos</subfield>
  </datafield>
  <datafield tag="650" ind1="1" ind2="3">
    <subfield code="a">Higos</subfield>
    <subfield code="2">atg</subfield>
    <subfield code="x">Fruta deshidratada</subfield>
  </datafield>
  <datafield tag="650" ind1="1" ind2="3">
    <subfield code="a">Higos</subfield>
    <subfield code="2">atg</subfield>
    <subfield code="x">Frutas en conserva</subfield>
  </datafield>
  <datafield tag="650" ind1="1" ind2="3">
    <subfield code="a">Figs</subfield>
    <subfield code="x">Industry and trade  </subfield>
    <subfield code="2">atg</subfield>
    <subfield code="z">Mexico</subfield>
    <subfield code="z">Morelos</subfield>
  </datafield>
  <datafield tag="650" ind1="1" ind2="3">
    <subfield code="a">Figs</subfield>
    <subfield code="x">Dried fruit</subfield>
    <subfield code="2">atg</subfield>
  </datafield>
  <datafield tag="650" ind1="1" ind2="3">
    <subfield code="a">Figs</subfield>
    <subfield code="x">Canned fruit</subfield>
    <subfield code="2">atg</subfield>
  </datafield>
  <datafield tag="700" ind1="1" ind2=" ">
    <subfield code="a">S&#xE1;nchez Bautista, V&#xED;ctor Manuel</subfield>
    <subfield code="e">autor</subfield>
  </datafield>
  <datafield tag="700" ind1="1" ind2=" ">
    <subfield code="a">Valle Vega, Pedro</subfield>
    <subfield code="e">director</subfield>
  </datafield>
  <datafield tag="700" ind1="1" ind2=" ">
    <subfield code="a">Hern&#xE1;ndez Montes, Arturo</subfield>
    <subfield code="e">asesor</subfield>
  </datafield>
  <datafield tag="700" ind1="1" ind2=" ">
    <subfield code="a">Corrales Garc&#xED;a, Jos&#xE9; Joel Enrique</subfield>
    <subfield code="e">asesor</subfield>
  </datafield>
  <datafield tag="901" ind1=" " ind2=" ">
    <subfield code="a">TESIS M37 1987</subfield>
  </datafield>
  <datafield tag="902" ind1=" " ind2=" ">
    <subfield code="a">M</subfield>
  </datafield>
  <datafield tag="905" ind1=" " ind2=" ">
    <subfield code="a">0000001987                          mx A   0000000000spa00</subfield>
  </datafield>
  <datafield tag="942" ind1=" " ind2=" ">
    <subfield code="c">TESIS</subfield>
    <subfield code="2">Clasificaci&#xF3;n Universidad Aut&#xF3;noma Chapingo</subfield>
  </datafield>
  <datafield tag="999" ind1=" " ind2=" ">
    <subfield code="c">171365</subfield>
    <subfield code="d">171365</subfield>
  </datafield>
  <datafield tag="952" ind1=" " ind2=" ">
    <subfield code="0">0</subfield>
    <subfield code="1">0</subfield>
    <subfield code="2">local</subfield>
    <subfield code="4">0</subfield>
    <subfield code="5">1</subfield>
    <subfield code="7">0</subfield>
    <subfield code="8">TESIS</subfield>
    <subfield code="a">IA_</subfield>
    <subfield code="b">IA_</subfield>
    <subfield code="e">El autor</subfield>
    <subfield code="l">0</subfield>
    <subfield code="o">Tesis M37 1987</subfield>
    <subfield code="p">1101016221</subfield>
    <subfield code="r">2026-02-02 00:00:00</subfield>
    <subfield code="t">Ej. 1</subfield>
    <subfield code="y">TESIS</subfield>
  </datafield>
  <datafield tag="952" ind1=" " ind2=" ">
    <subfield code="0">0</subfield>
    <subfield code="1">0</subfield>
    <subfield code="2">local</subfield>
    <subfield code="4">0</subfield>
    <subfield code="5">5</subfield>
    <subfield code="7">0</subfield>
    <subfield code="8">TESIS</subfield>
    <subfield code="a">IA_</subfield>
    <subfield code="b">IA_</subfield>
    <subfield code="d">2025-11-17</subfield>
    <subfield code="e">El autor</subfield>
    <subfield code="l">0</subfield>
    <subfield code="o">Tesis M37 1987</subfield>
    <subfield code="p">1101016222</subfield>
    <subfield code="r">2026-02-02 00:00:00</subfield>
    <subfield code="t">Ej. 2</subfield>
    <subfield code="w">2025-11-17</subfield>
    <subfield code="y">TESIS</subfield>
  </datafield>
</record>
